000 00577nam a2200229Ia 4500
003 OSt
005 20221005122458.0
006 a|||||r|||| 00| 0
007 ta
008 221004b |||||||| |||| 00| 0 tam d
024 _a48744
037 _cTextual
040 _aCRL
_cCRL
_btam
041 _2tam
_atam
082 _aO152,1I00x, 31K4;N2
100 _aSeshafri T
_9632065
245 0 _aKabeer arulvakku
260 _c1976
650 _aTAMIL LITERATURE
942 _hO152,1I00x, 31K4;N2
_cTEXL
_2cc
999 _c1044427
_d1044427